| 000 | 01813nam0a2200409 i 4500 | ||
|---|---|---|---|
| 001 | RU\NLR\bibl\1969133 | ||
| 005 | 20241103103622.0 | ||
| 010 |
_a9785989351268 _9200 |
||
| 021 |
_aRU _b2012-83340 _96163 |
||
| 035 | _a(nilc)RSL-KNO-005519592 | ||
| 035 | _a(NLR Aleph) 001958002 | ||
| 090 |
_a3786301 _c3786301 |
||
| 100 | _a20121106d2012 k y0rusy50 ca | ||
| 101 | 0 | _arus | |
| 102 | _aRU | ||
| 105 | _aa ||||||||| | ||
| 200 | 1 |
_aЭтническая идентичность и толерантность в условиях поликультурной общности _fМ.В. Верещагина _gГос. бюджет. образоват. учреждение высш. проф. образования "Сев.-Осет. гос. пед. ин-т" |
|
| 210 |
_aВладикавказ _cИзд-во Северо-Осетинского государственного педагогического института _d2012 |
||
| 215 |
_a229, [4] с. _cил. _d20 |
||
| 320 | _aБиблиогр.: с. 182-193 (188 назв.) | ||
| 606 |
_aИдентичность этническая _92304085 _3RU\NLR\AUTH\661379286 |
||
| 606 |
_aТолерантность этническая _92125682 _3RU\NLR\AUTH\661586841 |
||
| 610 | 0 | _aэтническая идентичность | |
| 610 | 0 | _aтолерантность | |
| 610 | 0 | _aмежкультурная коммуникация | |
| 686 |
_aТ5в912,02 _2rubbk |
||
| 686 |
_aС555.67,0 _2rubbk |
||
| 686 | 1 | _aС550.35 | |
| 686 | 1 | _aС550.67 | |
| 700 | 1 |
_aВерещагина _bМ. В. _gМарина Владимировна _4070 |
|
| 801 | 0 |
_aRU _bRuMoRKP _c20121106 _grcr |
|
| 801 | 1 |
_aRU _bРГБ _c20121106 |
|
| 801 | 2 |
_aRU _bNLR _c20121120 _grcr |
|
| 942 | _cBOOK | ||
| 980 | _aNBR | ||